Cities in 3 Languages - Statistics

General Stats
  • This quiz has been taken 26 times
  • The average score is 12 of 32
Answer Stats
% Correct
English Cairo
96%
English New Orleans
92%
English Port of Spain
85%
English Riyadh
77%
Spanish Lisboa
73%
English Warsaw
73%
English Muscat
65%
English Genoa
62%
English Ashgabat
58%
English Cape Town
54%
English The Hague
54%
French Bujumbura
42%
French Lisbonne
42%
French Khartoum
38%
French Moscou
35%
French Port-d'Espagne
31%
French Varsovie
31%
French Andorre-la-Vieille
19%
Spanish La Haya
19%
French La Nouvelle-Orléans
19%
Spanish Moscú
19%
Spanish Riad
19%
Spanish El Cairo
15%
Spanish Buyumbura
12%
French Gênes
12%
Spanish Mascate
12%
French Achgabat
8%
Spanish Andorra la Vieja
8%
Spanish Belén
8%
French Bethléem
8%
Spanish Ciudad del Cabo
8%
Spanish Jartum
4%
No matching quizzes found
Score Distribution
Percent of People with Each Score
Percentile by Number Answered
Your Score History
You have not taken this quiz